000 01246nam a22002417a 4500
003 DO-SdBNP
005 20180221141352.0
008 160718 1992 sp a spa d
020 _a8420445525
040 _aBPMSU
_bspa
_cBPMSU
082 4 _axxxx
_bxxxx
100 1 _aLobel, Arnold
245 1 0 _aFábulas /
_cArnold Lobel
260 _aMadrid :
_bAlfaguara,
_c1992.
300 _a44 p. :
_bil. ;
_c29 cm.
490 1 _aAlfaguara juvenil
500 _aIncluye datos biográficos del autor en la contraportada.
505 2 _tEl cocodrilo en el dormitorio --
_tLas patas y el zorro --
_tEl rey león y el escarabajo --
_tLa langosta y el cangrejo --
_tLa gallina y el manzano --
_tEl paraguas del babuino --
_tLas ranas en el final del arco iris --
_tEl oso y el cuervo --
_tLas visiones del gato --
_tEl avestruz enamorado --
_tLas danzas de la camella --
_tEl perro viejo y menesteroso --
_tLa señora rinoceronte y su vestido --
_tEl canguro mal educado --
_tEl cerdo en la confitería --
_tEl elefante y su hijo --
_tEl pelicano y la grulla --
_tEl gallo joven --
_tLa cena del hipopótamo --
_tEl ratón a la orilla del mar --
830 0 _aAlfaguara juvenil
942 _2ddc
_cBK
945 _aInventariado, 2018 / BT
956 _2YLOCKWARD
_310
_8BPMSU
_a00144
999 _c12460
_d12460